| 000 | 00672nam a22002057a 4500 | ||
|---|---|---|---|
| 999 |
_c8488 _d8488 |
||
| 003 | AR-CdUCM | ||
| 008 | 190325b ||||| |||| 00| 0 spa d | ||
| 040 |
_aMUNICIPALIDAD PROVINCIAL DEL CUSCO _cBIBLIOTECA MUNICIPAL DEL CUSCO |
||
| 082 |
_a868 / _bOR64 |
||
| 100 |
_aOrellana, Carlos _923803 |
||
| 245 | _aCara & sello / | ||
| 260 |
_aLima : _bDédalus, _c1990. |
||
| 300 |
_a91 páginas ; _c21 cm. |
||
| 505 | _aContenido : Artículos y notas de humor publicadas en el Mono Flemático, bajo el seudónimo de Tristán de la Tachuela. | ||
| 650 |
_aArtículos _919045 |
||
| 650 |
_aPeriodismo _91929 |
||
| 650 |
_aHumor _92515 |
||
| 942 |
_2ddc _cLIBROS |
||
| 945 | _admma | ||